Fundamentals of immunology / (Record no. 25386)

MARC details
000 -LEADER
fixed length control field 00851nam a2200229 a 4500
005 - DATE AND TIME OF LATEST TRANSACTION
control field 20060818091510.0
008 - FIXED-LENGTH DATA ELEMENTS--GENERAL INFORMATION
fixed length control field 050907s2005 ii av 000 0 eng
010 ## - LCCN (DPL NO)
LC control number ENG-93253
020 ## - INTERNATIONAL STANDARD BOOK NUMBER
Terms of availability 275.00
International Standard Book Number 9788190756310
035 ## - SYSTEM CONTROL NUMBER
System control number EN-76786
037 ## - SOURCE OF ACQUISITION
Source of stock number/acquisition DBAD / PUB
040 ## - CATALOGING SOURCE
Original cataloging agency dpl
Language of cataloging English
082 ## - DEWEY DECIMAL CLASSIFICATION NUMBER
Classification number 616.079
100 ## - MAIN ENTRY--PERSONAL NAME
Personal name Malarvili, T.
245 ## - TITLE STATEMENT
Title Fundamentals of immunology /
Statement of responsibility, etc by T. Malarvili
260 ## - PUBLICATION, DISTRIBUTION, ETC. (IMPRINT)
Place of publication, distribution, etc Kanayakumari
Name of publisher, distributor, etc Kamaraj Publications
Date of publication, distribution, etc 2007
270 ## - ADDRESS
Address 14/135, Kamaraj Street, Agatheeswaram Post,
City Kanyakumari
Postal code 629701
300 ## - PHYSICAL DESCRIPTION
Extent 390p.:
Dimensions 20 cm (pbk)
Other physical details ill.
650 ## - SUBJECT ADDED ENTRY--TOPICAL TERM
Topical term or geographic name as entry element Immunology.
942 ## - ADDED ENTRY ELEMENTS (KOHA)
Source of classification or shelving scheme Dewey Decimal Classification
Item type English Books
Call number suffix MAL
Classification part 616.079
Holdings
Withdrawn status Lost status Source of classification or shelving scheme Damaged status Not for loan Collection code Home library Current library Date acquired Source of acquisition Cost, normal purchase price Total Checkouts Full call number Barcode Date last seen Copy number Cost, replacement price Koha item type
    Dewey Decimal Classification   Not For Loan Non-fiction D.B.Act.Division D.B.Act.Division 18/03/2009 DBAD / PUB 275.00   616.079 MAL EN-76786 18/03/2009 1 275.00 English Books

© Delhi Public Library
Hit Counter
free hit counter